000 00764nam a2200229 a 4500
001 41032
003 BD-RjUL
005 20211209053321.0
008 160514s2008 bg ||||| |||| 00| 0 ben d
020 _a9847012600580
_c: TK 80.00
035 _a(BD-RjUL)41148
040 _aBD-RjUL
_bben
_cBD-RjUL
041 _aben
082 _223
_a891.441
_bAHI 2008
100 _aআহমেদ, মাহবুবা
_9126265
245 1 0 _aইচ্ছে করে /
_cমাহবুবা আহমেদ
260 _aঢাকা :
_bগাঙচিল প্রকাশন,
_c২০০৮
300 _a৫৬ পৃ. ;
_c২১ সেমি.
650 _aBengali Poetry
_9126266
650 _aবাংলা কবিতা
_9126267
942 _2ddc
_cBK
999 _c41032
_d41032